000
00333nam a2200133Ia 4500
008
240624s9999 xx 000 0 und d
041
_a
eng
082
_a
658.406 CRO
100
_a
CROW ROBIN
245
_a
EVOLVE OR DIE SEVEN STEPS TO RETHINK THE
260
_c
2012
_a
New Delhi
_b
Wiley India
300
_a
208 : p.
365
_c
RS
_b
30
999
_c
21406
_d
21406